Philippines business : the portable encyclopedia for doing business with the Philippines.

Bibliographic Details
Other Authors: Nolan,
Format: Book
Published: San Rafael, CA.: World Trade Press, 1996.
Series:World Trade Press country business guide
Subjects:
LEADER 00598cam a2200181 7i4500
001 0000006035
005 19991025090000.0
002 ##000007686
020 0 0 |a 1-885073-08-9  
090 0 0 |a PHIL 338.7   |b PHI 
245 0 0 |a Philippines business :   |b the portable encyclopedia for doing business with the Philippines. 
260 0 0 |a San Rafael, CA.:   |b World Trade Press,   |c 1996. 
300 0 0 |a 342 p.. 
440 0 0 |a World Trade Press country business guide 
650 0 0 |a Business --   |z Philippines  
651 0 0 |a Philippines  
700 0 0 |a Nolan,   |h James L.  
999 |a 0000009058  |b Book  |c Open shelf  |e Business Information Centre